| 000 | 00643nam a2200241Ia 4500 | ||
|---|---|---|---|
| 003 | OSt | ||
| 005 | 20220916111006.0 | ||
| 006 | a|||||r|||| 00| 0 | ||
| 007 | ta | ||
| 008 | 220915b |||||||| |||| 00| 0 tel d | ||
| 024 | _a83,788 | ||
| 037 | _cTextbook | ||
| 040 |
_btel _aARTS _cARTS |
||
| 041 | _atel | ||
| 082 | _aR625x1,1:gxM98, 35G3 | ||
| 100 | _aKolluru Somasekhara Sastri Au. | ||
| 245 | 0 | _aNyayadarshanamu | |
| 260 |
_aMadras _bIndia |
||
| 300 |
_a167p. _ccm. |
||
| 650 | _aPHILOSOPHY | ||
| 942 |
_hR625x1,1:gxM98, 35G3 _cTB _2CC |
||
| 999 |
_c102867 _d102867 |
||